| 000 | 00456nam a2200109Ia 4500 | ||
|---|---|---|---|
| 008 | 160909s9999 xx 000 0 und d | ||
| 100 | _aHunter, Michael A. | ||
| 245 | _aExpanding your cognitive capacity: An assessment of the neuroplastic changes associated with mindfulness training and transcranial stimulation | ||
| 260 |
_bThe University of New Mexico. _c2016 |
||
| 650 | _aPSYCHOLOGY | ||
| 856 | _uhttp://pqdtopen.proquest.com/doc/1808233627.html?FMT=ABS | ||
| 999 |
_c304081 _d304081 |
||